Statistics for Things that are Green by Picture

Click here to take the quiz!

General Stats

  • This quiz has been taken 8,781 times
  • The average score is 14 of 18

Answer Stats

Answer % Correct
Kiwi
99%
Starbucks
98%
Emerald
93%
Brazil
90%
Aurora
90%
Clover
86%
Pistachio
84%
Praying Mantis
80%
Gecko
77%
Green Beret
76%
Saudi Arabia
76%
Jade
75%
Chlorophyll
73%
Fern
73%
Iguana
67%
Oscar the Grouch
62%
Okra
56%
Teal
30%

Score Distribution

Percentile by Number Answered

Percent of People with Each Score

Your Score History

You have not taken this quiz